000 00571nam a2200193Ia 4500
003 OSt
005 20200819113550.0
008 190216s9999||||xx |||||||||||||| ||und||
020 _a8176490016
020 _a9788176490016
040 _coclc
082 _a541.3
_bMCQ/P
100 _aMcquarrie, Donald A
_94205
245 0 _aPhysical Chemistry :
_bA Molecular Approach /
_cDonald A Mcquarrie ; John D Simon
260 _bViva Books,
_c2003.
_aNew Delhi:
300 _a1270p
650 _aChemistry
942 _cBK
_2ddc
_h541.3
_iMCQ/P
_k541.3
_mMCQ/P
999 _c3098
_d3098